| 000 | 00732nam a2200205Ia 4500 | ||
|---|---|---|---|
| 001 | 19076 | ||
| 003 | GE_BSU | ||
| 008 | 181216s||||||||xx |||||||||||||| ||und|| | ||
| 040 | _cGE_BSU | ||
| 245 | _aСоциально-гуманитарные знания. 2016. №2 | ||
| 245 | _bНаучно-образовательное издание | ||
| 245 | _cред. колег,Аванесова Г.А.Миронов, А.Васильевич и др | ||
| 260 | _aMосква. | ||
| 260 | _bНаучно образевательное издание | ||
| 260 | _c2016 | ||
| 300 | _a367 стр,20см, | ||
| 653 | _aСоциально-гуманитарные знания | ||
| 653 | _aპერიოდიკა | ||
| 942 | _cCR | ||
| 999 |
_c52070 _d52070 |
||